The 22 dictators of the 20th Century - Statistics

General Stats
  • This quiz has been taken 110 times
  • The average score is 15 of 22
Answer Stats
Country Period of Reign Dictator % Correct
Soviet Union 1922 - 1924 Vladimir Ilitch Lenin
100%
German Reich 1933 - 1945 Adolf Hitler
99%
Italy 1923 - 1943 Benito Mussolini
99%
Soviet Union 1924 - 1953 Joseph Stalin
99%
Spain 1939 - 1975 Francisco Franco
94%
North Korea 1948 - 1994 Kim Il-Sung
93%
People's Republic of China 1954 - 1976 Mao Zedong
92%
Cuba 1976 - 2008 Fidel Castro
91%
Cambodia 1963 - 1981 Pol Pot
83%
Chile 1973 - 1990 Augusto Pinochet
74%
Yougoslavia 1953 - 1980 Josip Broz Tito
74%
Iraq 1979 - 2003 Saddam Hussein
69%
Libya 1969 - 2011 Mouammar Gaddafi
61%
Haiti 1964 - 1971 François Duvalier
50%
French State / Vichy France 1940 - 1944 Philippe Pétain
49%
Iran 1979 - 1986 Rouhollah Khomeini
49%
Empire of Japan 1941 - 1844 Hideki Tōjō
45%
Syria 1971 - 2000 Hafez al-Assad
37%
Zaire (CDR) 1965 - 1997 Joseph-Désiré Mobutu
35%
Albania 1941 - 1995 Enver Hoxha
32%
East Germany 1976 - 1989 Erich Honecker
30%
Paraguay 1954 - 1989 Alfredo Stroessner
17%
No matching quizzes found
Score Distribution
Percent of People with Each Score
Percentile by Number Answered
Your Score History
You have not taken this quiz